000 01360nam a2200325 i 4500
003 EG-GICUC
005 20260121101221.0
008 251114s1990 ua ||||fr|||| 00| 0 ara d
020 _a977012320x
040 _a EG-GICUC
_bara
_c EG-GICUC
_d EG-GICUC
_erda
041 0 _hara
082 0 4 _221
_a345.2
_bم س . أ
092 0 4 _221
099 _aLaw1 07 345.2 م س . أ 1990
100 0 _aمسعود أحمد مصطفى
_eمؤلف.
245 1 0 _aأقاليم الدولة الإسلامية بين اللامركزية السياسية واللامركزية الإدارية /
_cتأليف الدكـتور مسعود أحمد مصطفى ؛ تقديم جاد الحق على جاد الحق.
264 1 _aالقاهرة :
_bالهيئة المصرية العامة للكـتاب ،
_c1990.
300 _a288 صفحة ؛
_c24 سم.
336 _2rda content
_atext
337 _2rda media
_aComputer
338 _2rda carrier
_aOnline Resource
500 _aالإخراج الفني : محمد قطب
504 _aيشتمل على إرجاعات ببليوجرافية
546 _aالنص باللغة العربية
650 1 _aالقانون الإداري
700 _aجاد الحق علي جاد الحق
_eمقدم.
856 4 0 _uhttps://fll.law.cu.edu.eg/fulltext/bks/B07-00793.pdf
905 _a33
942 _2ddc
_cBK
_e21
_n0
999 _c43237
_d43237